000
00291nam a22001337a 4500
008
170715b xxu||||| |||| 00| 0 eng d
020
_a
9780155015135
041
_a
eng
080
_a
572
100
_a
24
101
_a
ANT
245
_a
THE RASHAAYDA BEDOUIN
_c
YOUNG,W.C
942
_2
udc
_c
BK
999
_c
20996
_d
20996